Central Library OPAC University of Rajshahi

শিক্ষা ও গবেষণা / (Record no. 40044)

MARC details
000 -LEADER
fixed length control field 00818nam a2200229 a 4500
001 - CONTROL NUMBER
control field 40044
003 - CONTROL NUMBER IDENTIFIER
rucl marc code BD-RjUL
005 - DATE AND TIME OF LATEST TRANSACTION
control field 20211209053126.0
008 - FIXED-LENGTH DATA ELEMENTS--GENERAL INFORMATION
fixed length control field 161108s2010 bg ||||| |||| 00| 0 ben d
020 ## - INTERNATIONAL STANDARD BOOK NUMBER
International Standard Book Number 9840748807
Terms of availability : Tk.200.00
035 ## - SYSTEM CONTROL NUMBER
System control number (BD-RjUL)40159
040 ## - CATALOGING SOURCE
Original cataloging agency BD-RjUL
Language of cataloging ben
Transcribing agency BD-RjUL
Modifying agency BD-RjUL
041 ## - LANGUAGE CODE
Language code of text/sound track or separate title ben
082 ## - DEWEY DECIMAL CLASSIFICATION NUMBER
Edition number 23
Classification number 370.72
Author mark and year SAS 2010
100 ## - MAIN ENTRY--PERSONAL NAME
Personal name সামাদ, মোঃ আবদুস
9 (RLIN) 162905
245 10 - TITLE STATEMENT
Title শিক্ষা ও গবেষণা /
Statement of responsibility, etc. মোঃ আবদুস সামাদ
260 ## - PUBLICATION, DISTRIBUTION, ETC. (IMPRINT)
Place of publication, distribution, etc. ঢাকা :
Name of publisher, distributor, etc. বাংলা একাডেমী,
Date of publication, distribution, etc. ২০১০
300 ## - PHYSICAL DESCRIPTION
Pagination ৩৫১ পৃ. :
Illustrations চিত্র ;
Size ২৩ সেমি
650 ## - SUBJECT ADDED ENTRY--TOPICAL TERM
Topical term or geographic name as entry element শিক্ষা গবেষণা
9 (RLIN) 118327
Topical term or geographic name as entry element Education Research
9 (RLIN) 121767
942 ## - ADDED ENTRY ELEMENTS (KOHA)
Source of classification or shelving scheme Dewey Decimal Classification
Koha item type Books
Holdings
Lost status Source of classification or shelving scheme Damaged status Not for loan Collection code Permanent Location Current Location Shelving location Date acquired Source of acquisition Cost, normal purchase price Total Checkouts Full call number Date last seen Date checked out Copy number Koha item type
  Dewey Decimal Classification     Non-fiction Central Library, University of Rajshahi Central Library, University of Rajshahi   12/02/2010 Bangla Academy, Dhaka. 200.00 3 B 370.72 SAS 2010 26/04/2022 26/01/2022 C-2 Books
  Dewey Decimal Classification   Not For Loan Non-fiction Central Library, University of Rajshahi Central Library, University of Rajshahi Reading Room   Bangla Academy, Dhaka 200.00   B 370.72 SAS 2010 27/12/2016   C-1 Books